Online Catalogue and eLibrary

Demala abiyogaya (Record no. 1282)

MARC details
000 -LEADER
fixed length control field 00370nam a2200145Ia 4500
005 - DATE AND TIME OF LATEST TRANSACTION
control field 20250529024203.0
008 - FIXED-LENGTH DATA ELEMENTS--GENERAL INFORMATION
fixed length control field 240331s9999 xx 000 0 und d
082 ## - DDC Classification
Class No. 303.6
Item Number - Author Mark IVA
100 ## - MAIN ENTRY--PERSONAL NAME
Personal name Ivan, V
245 #0 - TITLE STATEMENT
Title Demala abiyogaya
260 ## - PUBLICATION, DISTRIBUTION, ETC.
Place of publication, distribution, etc. Colombo
Name of publisher, distributor, etc. Ravaya Publishers
Date of publication, distribution, etc. 1989
300 ## - PHYSICAL DESCRIPTION
Extent (e.g. Volumes, Pages etc.) 118 p .,
500 ## - GENERAL NOTE
General note A Study on the ethnic problem in Sri Lanka
942 ## - Koha item type (Biblio)
Koha item type Books in Stacks (Lending)
Holdings
Lost status Damaged status Collection code Home library Current library Shelving location Date acquired Full call number Accession Number Item type
    Lending WERC Library WERC Library Social Science Cupboard 03/31/2024 303.6 IVA 1042 Books in Stacks (Lending)

© WERC Library